Library Banner

Intikhab ul jafar mosoom bah Israr i Nadiri = انتخاب الجعفر موسوم بہ اسرار نادری / (Record no. 127612)

MARC details
000 -LEADER
fixed length control field 00607nam a22001457a 4500
005 - DATE AND TIME OF LATEST TRANSACTION
control field 20220805115613.0
008 - FIXED-LENGTH DATA ELEMENTS--GENERAL INFORMATION
fixed length control field 220805b ||||| |||| 00| 0 eng d
040 ## - CATALOGING SOURCE
Transcribing agency PK-LaUMT
082 ## - DEWEY DECIMAL CLASSIFICATION NUMBER
Classification number APC 297.2112
Item number MIR-I
100 ## - MAIN ENTRY--PERSONAL NAME
Personal name Mir Muhammad Sadiq Qadiri Sarwari = میر محمد صادق قادری سروری
245 ## - TITLE STATEMENT
Title Intikhab ul jafar mosoom bah Israr i Nadiri = انتخاب الجعفر موسوم بہ اسرار نادری /
Statement of responsibility, etc by Mir Muhammad Sadiq Qadiri Sarwari = میر محمد صادق قادری سروری
260 ## - PUBLICATION, DISTRIBUTION, ETC. (IMPRINT)
Place of publication, distribution, etc Gujrat :
Name of publisher, distributor, etc Tameer i Nau Press,
Date of publication, distribution, etc NA
300 ## - PHYSICAL DESCRIPTION
Extent 149 p.
942 ## - ADDED ENTRY ELEMENTS (KOHA)
Koha item type Books
Holdings
Withdrawn status Lost status Damaged status Home library Current library Date acquired Full call number Barcode Date last seen Price effective from Koha item type
      UMT Main Campus UMT Main Campus 2022-08-05 APC 297.2112 MIR-I 143530 2022-08-05 2022-08-05 Books